Представление документа в формате RUSMARC

ПолеНазваниеЗначение
  Тип записи a
  Библиографический уровень m
001 Контрольный номер RU/SLIB/B/208738423
005 Дата корректировки 20201206204047.1
010 Индекс ISBN __
a ISBN 5-238-00233-5
d Цена 105-60
101 Язык документа __
a Язык текста rus
c Язык оригинала rus
200 Заглавие и сведения об ответственности 1_
a Заглавие Общая социология
e Сведения, относящиеся к заглавию учеб. для студентов вузов
f Первые сведения об ответственности А. И. Кравченко
b Общее обозначение материала Текст
210 Выходные данные __
a Место издания М.
c Издательство ЮНИТИ-ДАНА
d Дата издания 2001
215 Физическое описание __
a Объем 467 с.
330 Аннотация __
a Аннотация Рассмотрены вопросы социологии.
606 Тематические рубрики __
a Основная рубрика Социология
610 Ключевые слова __
a Ключевые слова общество; социализация; стратификация; классы; этносы; коммуникации; межличностные отношения; поведение; одиночество; конфликты; протесты; брак; разводы; просвещение; социальные группы; личность; воспитание; семьи; образование; культура; религии; христианство; интеллигенция; революции; социализация личности
686 Индексы других классификаций __
a Классификационный индекс 60.5я73; ст60.5я73
700 Автор _1
a Фамилия Кравченко
b Имя А. И.
4 Код отношения 070
801 Источник записи _0
a Страна RU
b Организация Муниципальное бюджетное учреждение культуры "Централизованная библиотечная система" г. Сургут (Центральная городская библиотека им. А. С. Пушкина)
g Правила каталогизации КиК/Тесленко
801 Источник записи _1
a Страна RU
b Организация Муниципальное бюджетное учреждение культуры "Централизованная библиотечная система" г. Сургут (Центральная городская библиотека им. А. С. Пушкина)
g Правила каталогизации КиК/Тесленко
852 Данные о местонахождении __
j Шифр хранения 60.5я73
c Каталожный индекс 60.5я73
i Авторский знак К 77
901 Тип документа __
t Тип документа m
903 Характеристики (МАРС) __
a Дата передачи 20030526
969 Тип издания __
a Тип издания учебник
990 Данные о заказе (DOS) __
j Количество экземпляров (DOS) 3
t N записи в КСУ для И/У (DOS) 200306